[Event "Bundesliga 9899"]
[Site "Deutschland"]
[Date "1999.04.18"]
[Round "15.5"]
[White "Schwalfenberg, Joerg"]
[Black "Lauber, Arnd"]
[Result "1-0"]
[WhiteElo "2360"]
[BlackElo "2418"]
[PlyCount "115"]
[EventDate "1998.10.17"]
[EventType "team"]
[EventRounds "15"]
[EventCountry "GER"]
[SourceTitle "Bundesliga 9899"]
[Source "DeepChess"]
[SourceDate "2005.01.01"]
[SourceVersion "1"]
[SourceVersionDate "2005.01.01"]
[SourceQuality "1"]
[WhiteTeam "SK Viernheim"]
[BlackTeam "Delmenhorster SK 1931"]
[WhiteTeamCountry "GER"]
[BlackTeamCountry "GER"]

1. d4 Nf6 2. Nf3 e6 3. c4 b6 4. g3 Ba6 5. Qa4 c6 6. Nc3 d5 7. cxd5 exd5 8. a3
Bd6 9. Bg2 O-O 10. O-O Re8 11. Bg5 Be7 12. Ne5 Bb7 13. Rac1 Nfd7 14. Bxe7 Qxe7
15. Nxd5 Qd8 16. Nxd7 cxd5 17. Nxb8 Qxb8 18. e3 Qd6 19. Rc3 h5 20. h4 Re7 21.
Rfc1 g6 22. Qb4 Rd8 23. Bh3 f5 24. Qa4 Kf7 25. Bg2 Kf8 26. b4 a6 27. Bf1 Ra8
28. Qb3 Rd8 29. a4 Kg7 30. a5 b5 31. Bg2 Rdd7 32. Rc5 Kh7 33. R1c3 Kg7 34. Rc1
Kh7 35. R5c2 Kg7 36. Qc3 Kh7 37. Qc5 Kg7 38. Kh2 Kh7 39. Qb6 Rg7 40. Qc5 Rge7
41. Qxd6 Rxd6 42. Rc7 Rdd7 43. Rxd7 Rxd7 44. Bh3 Kg7 45. Kg2 Kf6 46. Kf3 Re7
47. Bg2 g5 48. hxg5+ Kxg5 49. Rc5 Rd7 50. Bf1 Re7 51. Bd3 Rf7 52. Bb1 Re7 53.
Ba2 Rd7 54. Bb3 Rd6 55. Rc7 Bc6 56. Rg7+ Kf6 57. Ra7 Bd7 58. Kf4 1-0

[Event "Bundesliga 9899"]
[Site "Deutschland"]
[Date "1999.04.18"]
[Round "15.7"]
[White "Kratochwil, Christian"]
[Black "Wesseln, Kai"]
[Result "1-0"]
[WhiteElo "2280"]
[BlackElo "2345"]
[PlyCount "43"]
[EventDate "1998.10.17"]
[EventType "team"]
[EventRounds "15"]
[EventCountry "GER"]
[SourceTitle "Bundesliga 9899"]
[Source "DeepChess"]
[SourceDate "2005.01.01"]
[SourceVersion "1"]
[SourceVersionDate "2005.01.01"]
[SourceQuality "1"]
[WhiteTeam "SK Viernheim"]
[BlackTeam "Delmenhorster SK 1931"]
[WhiteTeamCountry "GER"]
[BlackTeamCountry "GER"]

1. c4 c5 2. Nf3 Nf6 3. Nc3 g6 4. g3 Bg7 5. Bg2 O-O 6. d4 cxd4 7. Nxd4 Nc6 8.
O-O Ng4 9. e3 d6 10. b3 Nxd4 11. exd4 Nh6 12. Bb2 Nf5 13. Nd5 Rb8 14. Rc1 Bd7
15. Re1 e6 16. Ne3 Nxe3 17. fxe3 Qa5 18. Bc3 Qc7 19. Qd2 Rfc8 20. Rf1 b5 21.
Ba5 Rb6 22. c5 1-0

[Event "Bundesliga 9899"]
[Site "Deutschland"]
[Date "1999.04.18"]
[Round "15.8"]
[White "Plump, Detlef"]
[Black "Schmidt, Stefan"]
[Result "1-0"]
[WhiteElo "2231"]
[BlackElo "2230"]
[PlyCount "79"]
[EventDate "1998.10.17"]
[EventType "team"]
[EventRounds "15"]
[EventCountry "GER"]
[SourceTitle "Bundesliga 9899"]
[Source "DeepChess"]
[SourceDate "2005.01.01"]
[SourceVersion "1"]
[SourceVersionDate "2005.01.01"]
[SourceQuality "1"]
[WhiteTeam "Delmenhorster SK 1931"]
[BlackTeam "SK Viernheim"]
[WhiteTeamCountry "GER"]
[BlackTeamCountry "GER"]

1. e4 c5 2. Nf3 Nc6 3. d4 cxd4 4. Nxd4 e5 5. Nb5 d6 6. N1c3 a6 7. Na3 b5 8. Nd5
Nge7 9. Bg5 h6 10. Bh4 Qa5+ 11. c3 Nxd5 12. Qxd5 Bb7 13. Nc2 Qc7 14. Qd3 Be7
15. Bg3 f5 16. exf5 Bf6 17. Ne3 Ne7 18. Be2 O-O 19. O-O d5 20. Rfe1 Qc6 21. Bf1
Rad8 22. Ng4 e4 23. Qe2 Nxf5 24. Nxf6+ Qxf6 25. Rad1 g5 26. Qd2 h5 27. Bc7 Rd7
28. Ba5 Rc8 29. Rxe4 d4 30. Ree1 Nh4 31. f4 gxf4 32. cxd4 Rg7 33. Kh1 f3 34. d5
Qg6 35. g3 Rc2 36. Qe3 Rxh2+ 37. Kxh2 Qxg3+ 38. Kh1 Nf5 39. Qe6+ Kh8 40. Qe8+
1-0

[Event "Bundesliga 9899"]
[Site "Deutschland"]
[Date "1999.04.18"]
[Round "15.1"]
[White "Slobodjan, Roman"]
[Black "Maiwald, Jens Uwe"]
[Result "1/2-1/2"]
[WhiteElo "2536"]
[BlackElo "2467"]
[PlyCount "116"]
[EventDate "1998.10.17"]
[EventType "team"]
[EventRounds "15"]
[EventCountry "GER"]
[SourceTitle "Bundesliga 9899"]
[Source "DeepChess"]
[SourceDate "2005.01.01"]
[SourceVersion "1"]
[SourceVersionDate "2005.01.01"]
[SourceQuality "1"]
[WhiteTeam "USC Magdeburg"]
[BlackTeam "Dresdner SC 1898"]
[WhiteTeamCountry "GER"]
[BlackTeamCountry "GER"]

1. e4 c5 2. Nc3 e6 3. g3 Nc6 4. Bg2 g6 5. d3 Bg7 6. Be3 d6 7. Qd2 Bd7 8. Rb1
Qa5 9. a3 Nd4 10. Nge2 Nxe2 11. Kxe2 Rc8 12. Rhd1 Nf6 13. h3 Qa6 14. Kf1 O-O
15. Kg1 d5 16. d4 dxe4 17. dxc5 Nd5 18. Nxd5 exd5 19. Qxd5 Bc6 20. Qd2 Qa4 21.
Bf1 h5 22. h4 Rfd8 23. Qc1 Be5 24. Kh2 a6 25. Rxd8+ Rxd8 26. b4 Bd7 27. Bc4 Bg4
28. Bb3 Qd7 29. Bg5 Qf5 30. Qe1 Rd7 31. Ba4 Rd4 32. Be3 Rc4 33. Qd2 Kh7 34. Bb3
Rc3 35. Re1 Qf3 36. a4 g5 37. Bd5 gxh4 38. Bf4 hxg3+ 39. fxg3 Bxf4 40. Bxe4+
Kh6 41. Qxf4+ Qxf4 42. gxf4 a5 43. bxa5 Rxc5 44. Bd3 Bf5 45. Bxf5 Rxf5 46. Re4
Rxa5 47. Rb4 Kg6 48. Kg3 f6 49. c4 Ra8 50. c5 Ra5 51. Rc4 Kf5 52. Kh4 Kg6 53.
Kh3 Kf5 54. Kg3 Kg6 55. Kh4 Ra6 56. Kg3 Ra5 57. Kh4 Ra6 58. Rb4 Ra5 1/2-1/2

[Event "Bundesliga 9899"]
[Site "Deutschland"]
[Date "1999.04.18"]
[Round "15.2"]
[White "Boensch, Uwe"]
[Black "Georgiev, Vladimir"]
[Result "0-1"]
[WhiteElo "2533"]
[BlackElo "2508"]
[PlyCount "59"]
[EventDate "1998.10.17"]
[EventType "team"]
[EventRounds "15"]
[EventCountry "GER"]
[SourceTitle "Bundesliga 9899"]
[Source "DeepChess"]
[SourceDate "2005.01.01"]
[SourceVersion "1"]
[SourceVersionDate "2005.01.01"]
[SourceQuality "1"]
[WhiteTeam "Dresdner SC 1898"]
[BlackTeam "USC Magdeburg"]
[WhiteTeamCountry "GER"]
[BlackTeamCountry "GER"]

1. d4 Nf6 2. c4 d6 3. Nf3 g6 4. Nc3 Bf5 5. Nh4 Bd7 6. g3 Bg7 7. Bg2 Nc6 8. O-O
O-O 9. h3 Qc8 10. g4 h5 11. Bxc6 bxc6 12. f3 Qa6 13. Qd3 Be6 14. b3 d5 15. cxd5
Qxd3 16. exd3 Nxd5 17. Nxd5 Bxd5 18. Be3 hxg4 19. hxg4 Rfb8 20. Ng2 Rb4 21. Kf2
a5 22. Nf4 a4 23. Ne2 c5 24. Rac1 axb3 25. axb3 cxd4 26. Bg5 Rxb3 27. Rfd1 Be5
28. Bxe7 Ra2 29. Rb1 f6 30. g5 $138 0-1

[Event "Bundesliga 9899"]
[Site "Deutschland"]
[Date "1999.04.18"]
[Round "15.3"]
[White "Proehl, Holger"]
[Black "Tischbierek, Raj"]
[Result "1/2-1/2"]
[WhiteElo "2401"]
[BlackElo "2521"]
[PlyCount "42"]
[EventDate "1998.10.17"]
[EventType "team"]
[EventRounds "15"]
[EventCountry "GER"]
[SourceTitle "Bundesliga 9899"]
[Source "DeepChess"]
[SourceDate "2005.01.01"]
[SourceVersion "1"]
[SourceVersionDate "2005.01.01"]
[SourceQuality "1"]
[WhiteTeam "USC Magdeburg"]
[BlackTeam "Dresdner SC 1898"]
[WhiteTeamCountry "GER"]
[BlackTeamCountry "GER"]

1. e4 g6 2. d4 d6 3. Nf3 Bg7 4. c3 Nf6 5. Bd3 O-O 6. O-O Nc6 7. Re1 e5 8. Nbd2
Nh5 9. dxe5 dxe5 10. Bf1 Nf4 11. Nc4 Qf6 12. Bxf4 exf4 13. e5 Qe7 14. Nd4 Nxd4
15. Qxd4 f3 16. g3 Be6 17. Qe3 Rad8 18. Qxf3 b5 19. Ne3 Rd2 20. Re2 Rfd8 21.
Ng4 Bxg4 1/2-1/2

[Event "Bundesliga 9899"]
[Site "Deutschland"]
[Date "1999.04.18"]
[Round "15.5"]
[White "Machelett, Heiko"]
[Black "Borriss, Martin"]
[Result "1/2-1/2"]
[WhiteElo "2436"]
[BlackElo "2408"]
[PlyCount "25"]
[EventDate "1998.10.17"]
[EventType "team"]
[EventRounds "15"]
[EventCountry "GER"]
[SourceTitle "Bundesliga 9899"]
[Source "DeepChess"]
[SourceDate "2005.01.01"]
[SourceVersion "1"]
[SourceVersionDate "2005.01.01"]
[SourceQuality "1"]
[WhiteTeam "USC Magdeburg"]
[BlackTeam "Dresdner SC 1898"]
[WhiteTeamCountry "GER"]
[BlackTeamCountry "GER"]

1. d4 Nf6 2. Nf3 g6 3. Bf4 Bg7 4. e3 O-O 5. h3 d6 6. Be2 b6 7. O-O Bb7 8. a4 c5
9. c3 Nbd7 10. Nbd2 Ne4 11. a5 e5 12. dxe5 dxe5 13. Nxe4 1/2-1/2

[Event "Bundesliga 9899"]
[Site "Deutschland"]
[Date "1999.04.18"]
[Round "15.6"]
[White "Gauglitz, Gernot"]
[Black "Stolz, Mike"]
[Result "0-1"]
[WhiteElo "2410"]
[BlackElo "2320"]
[PlyCount "88"]
[EventDate "1998.10.17"]
[EventType "team"]
[EventRounds "15"]
[EventCountry "GER"]
[SourceTitle "Bundesliga 9899"]
[Source "DeepChess"]
[SourceDate "2005.01.01"]
[SourceVersion "1"]
[SourceVersionDate "2005.01.01"]
[SourceQuality "1"]
[WhiteTeam "Dresdner SC 1898"]
[BlackTeam "USC Magdeburg"]
[WhiteTeamCountry "GER"]
[BlackTeamCountry "GER"]

1. d4 Nf6 2. Nf3 g6 3. c4 Bg7 4. g3 O-O 5. Bg2 d6 6. O-O Nbd7 7. Nc3 e5 8. h3
Re8 9. e4 c6 10. Re1 a5 11. Be3 exd4 12. Nxd4 Nc5 13. Qc2 a4 14. Rad1 Qe7 15.
Bc1 Nfd7 16. Re2 Qd8 17. Be3 Qa5 18. Nb1 Ne5 19. Na3 Ned7 20. Bf4 Be5 21. Bd2
Qa6 22. Bc3 Bg7 23. Kh1 Nf6 24. Ree1 Qb6 25. Nb1 Bd7 26. b4 axb3 27. axb3 Na6
28. Qb2 Nb4 29. Na3 Nh5 30. Qd2 Na6 31. b4 Nxb4 32. g4 Rxa3 33. Bxb4 Ra4 34.
Bxd6 Rxc4 35. e5 c5 36. Ne2 Bxg4 37. hxg4 Rxg4 38. Nc3 Qd8 39. Re4 Qh4+ 40. Kg1
Nf4 41. Rxf4 Rxf4 42. e6 Rd4 43. exf7+ Kxf7 44. Qc2 Rxd6 0-1

[Event "Bundesliga 9899"]
[Site "Deutschland"]
[Date "1999.04.18"]
[Round "15.7"]
[White "Kapischka, Jens"]
[Black "Goldberg, Alexander"]
[Result "0-1"]
[WhiteElo "2315"]
[BlackElo "2405"]
[PlyCount "68"]
[EventDate "1998.10.17"]
[EventType "team"]
[EventRounds "15"]
[EventCountry "GER"]
[SourceTitle "Bundesliga 9899"]
[Source "DeepChess"]
[SourceDate "2005.01.01"]
[SourceVersion "1"]
[SourceVersionDate "2005.01.01"]
[SourceQuality "1"]
[WhiteTeam "USC Magdeburg"]
[BlackTeam "Dresdner SC 1898"]
[WhiteTeamCountry "GER"]
[BlackTeamCountry "GER"]

1. Nf3 Nf6 2. g3 d5 3. Bg2 c6 4. O-O Bf5 5. d3 h6 6. Nbd2 e6 7. Qe1 Be7 8. e4
Bh7 9. Qe2 O-O 10. e5 Nfd7 11. Re1 c5 12. h4 Nc6 13. Nf1 b5 14. N1h2 c4 15. Bf4
cxd3 16. cxd3 Nb4 17. Red1 Qb6 18. d4 Rfc8 19. Bf1 a6 20. Ne1 Nc2 21. Nxc2 Rxc2
22. Rd2 Rac8 23. a4 Bb4 24. Rxc2 Rxc2 25. Qd1 Rxb2 26. axb5 axb5 27. Bd3 Bxd3
28. Qxd3 Bf8 29. Bd2 Qc7 30. Rc1 Qa7 31. Bc3 Qa3 32. Qf1 Ra2 33. Ra1 b4 34.
Rxa2 Qxa2 0-1

[Event "Bundesliga 9899"]
[Site "Deutschland"]
[Date "1999.04.18"]
[Round "15.8"]
[White "Heinatz, Thomas"]
[Black "Darnstaedt, Frank"]
[Result "0-1"]
[WhiteElo "2320"]
[BlackElo "2301"]
[PlyCount "82"]
[EventDate "1998.10.17"]
[EventType "team"]
[EventRounds "15"]
[EventCountry "GER"]
[SourceTitle "Bundesliga 9899"]
[Source "DeepChess"]
[SourceDate "2005.01.01"]
[SourceVersion "1"]
[SourceVersionDate "2005.01.01"]
[SourceQuality "1"]
[WhiteTeam "Dresdner SC 1898"]
[BlackTeam "USC Magdeburg"]
[WhiteTeamCountry "GER"]
[BlackTeamCountry "GER"]

1. e4 c5 2. Nf3 Nc6 3. d4 cxd4 4. Nxd4 Nf6 5. Nc3 e5 6. Ndb5 d6 7. Bg5 a6 8.
Na3 b5 9. Nd5 Be7 10. Bxf6 Bxf6 11. c3 O-O 12. Nc2 Bg5 13. a4 bxa4 14. Rxa4 a5
15. Bb5 Bb7 16. h4 Bh6 17. Nce3 Bxe3 18. Nxe3 Ne7 19. Bc4 Bc6 20. Bd5 Nxd5 21.
Nxd5 Bxa4 22. Qxa4 f5 23. exf5 Rxf5 24. Qe4 Rf7 25. O-O Rb8 26. Rb1 Qd7 27. g3
Qa7 28. Ne3 Qc5 29. h5 Rbf8 30. Rf1 Qb5 31. b4 axb4 32. cxb4 Qe2 33. Qd5 Qb2
34. b5 Qd4 35. Qe6 Kh8 36. h6 gxh6 37. Qxh6 Rf6 38. Qg5 Rg6 39. Qe7 Rxg3+ 40.
fxg3 Qxe3+ 41. Kg2 Qe2+ 0-1

[Event "Bundesliga 9899"]
[Site "Deutschland"]
[Date "1999.04.18"]
[Round "15.2"]
[White "Krasenkow, Michal"]
[Black "Mueller, Matthias"]
[Result "1-0"]
[WhiteElo "2643"]
[BlackElo "2395"]
[PlyCount "67"]
[EventDate "1998.10.17"]
[EventType "team"]
[EventRounds "15"]
[EventCountry "GER"]
[SourceTitle "Bundesliga 9899"]
[Source "DeepChess"]
[SourceDate "2005.01.01"]
[SourceVersion "1"]
[SourceVersionDate "2005.01.01"]
[SourceQuality "1"]
[WhiteTeam "SG Bochum 31"]
[BlackTeam "Erfurter SK"]
[WhiteTeamCountry "GER"]
[BlackTeamCountry "GER"]

1. Nf3 d5 2. d4 Nf6 3. c4 e6 4. g3 dxc4 5. Bg2 c5 6. O-O Nc6 7. Ne5 Nxe5 8.
dxe5 Nd5 9. Na3 Bd7 10. Nxc4 Bc6 11. b3 Nb4 12. Bb2 Bxg2 13. Kxg2 Qd5+ 14. Qxd5
exd5 15. Nd6+ Bxd6 16. exd6 Kd7 17. Bxg7 Rhe8 18. e3 Kxd6 19. Rfd1 a5 20. Rd2
Ke6 21. Rc1 b6 22. a3 Nc6 23. Bc3 Red8 24. g4 Rd7 25. f4 f6 26. h4 f5 27. g5 d4
28. exd4 cxd4 29. Bb2 Rd6 30. h5 Kd5 31. Re2 Ra7 32. Bxd4 Re7 33. Rxe7 Nxe7 34.
Bf6 1-0

[Event "Bundesliga 9899"]
[Site "Deutschland"]
[Date "1999.04.18"]
[Round "15.3"]
[White "Renner, Christoph"]
[Black "Schmittdiel, Eckhard"]
[Result "1-0"]
[WhiteElo "2437"]
[BlackElo "2483"]
[PlyCount "27"]
[EventDate "1998.10.17"]
[EventType "team"]
[EventRounds "15"]
[EventCountry "GER"]
[SourceTitle "Bundesliga 9899"]
[Source "DeepChess"]
[SourceDate "2005.01.01"]
[SourceVersion "1"]
[SourceVersionDate "2005.01.01"]
[SourceQuality "1"]
[WhiteTeam "Erfurter SK"]
[BlackTeam "SG Bochum 31"]
[WhiteTeamCountry "GER"]
[BlackTeamCountry "GER"]

1. e4 c5 2. d3 g6 3. g3 Bg7 4. Bg2 e5 5. Nh3 Nc6 6. O-O Nge7 7. f4 d6 8. c3 O-O
9. Na3 h6 10. f5 gxf5 11. Qh5 fxe4 12. dxe4 Be6 13. Bxh6 f6 14. Ng5 1-0

[Event "Bundesliga 9899"]
[Site "Deutschland"]
[Date "1999.04.18"]
[Round "15.4"]
[White "Bosch, Jeroen"]
[Black "Troyke, Christian"]
[Result "1-0"]
[WhiteElo "2470"]
[BlackElo "2400"]
[PlyCount "87"]
[EventDate "1998.10.17"]
[EventType "team"]
[EventRounds "15"]
[EventCountry "GER"]
[SourceTitle "Bundesliga 9899"]
[Source "DeepChess"]
[SourceDate "2005.01.01"]
[SourceVersion "1"]
[SourceVersionDate "2005.01.01"]
[SourceQuality "1"]
[WhiteTeam "SG Bochum 31"]
[BlackTeam "Erfurter SK"]
[WhiteTeamCountry "GER"]
[BlackTeamCountry "GER"]

1. e4 c5 2. Nf3 Nc6 3. d4 cxd4 4. Nxd4 g6 5. c4 Bg7 6. Be3 Nf6 7. Nc3 O-O 8.
Be2 d6 9. O-O Bd7 10. Qd2 Nxd4 11. Bxd4 Bc6 12. f3 a5 13. b3 Nd7 14. Be3 Nc5
15. Rab1 Qb6 16. Rfc1 Rfc8 17. Bf1 Qd8 18. Rc2 b6 19. a3 Ra7 20. Qf2 e6 21. b4
axb4 22. axb4 Nd7 23. Rbc1 Ra3 24. Qd2 Qf8 25. Bf4 Ne5 26. Be3 Nd7 27. Ne2 Rca8
28. Nd4 Ba4 29. Rc3 Rxc3 30. Rxc3 Ne5 31. Rc1 Bd7 32. h3 Qb8 33. f4 Nc6 34. Nb5
Ra4 35. Nxd6 Nd4 36. Bxd4 Qxd6 37. Rd1 Bc6 38. Bxg7 Qxd2 39. Rxd2 Kxg7 40. Rd6
Bxe4 41. Rxb6 Ra1 42. Rd6 Kf8 43. Rd2 Ke7 44. Kf2 1-0

[Event "Bundesliga 9899"]
[Site "Deutschland"]
[Date "1999.04.18"]
[Round "15.5"]
[White "Fuhrmann, Daniel"]
[Black "Ellers, Holger"]
[Result "0-1"]
[WhiteElo "2324"]
[BlackElo "2417"]
[PlyCount "50"]
[EventDate "1998.10.17"]
[EventType "team"]
[EventRounds "15"]
[EventCountry "GER"]
[SourceTitle "Bundesliga 9899"]
[Source "DeepChess"]
[SourceDate "2005.01.01"]
[SourceVersion "1"]
[SourceVersionDate "2005.01.01"]
[SourceQuality "1"]
[WhiteTeam "Erfurter SK"]
[BlackTeam "SG Bochum 31"]
[WhiteTeamCountry "GER"]
[BlackTeamCountry "GER"]

1. d4 Nf6 2. c4 c5 3. d5 b5 4. cxb5 a6 5. bxa6 g6 6. Nc3 Bxa6 7. Nf3 Bg7 8. e4
Bxf1 9. Kxf1 d6 10. g3 Nbd7 11. h3 O-O 12. Kg2 Ra6 13. Re1 Qa8 14. Re2 Qb7 15.
Qc2 e6 16. dxe6 fxe6 17. Bg5 d5 18. Bxf6 Nxf6 19. exd5 exd5 20. Rd1 Kh8 21. Na4
Ne4 22. Nd2 Rxa4 23. Qxa4 Qxb2 24. Nxe4 Qxe2 25. Rxd5 c4 0-1

[Event "Bundesliga 9899"]
[Site "Deutschland"]
[Date "1999.04.18"]
[Round "15.6"]
[White "De Gleria, Francesco"]
[Black "Foetsch, Daniel"]
[Result "1/2-1/2"]
[WhiteElo "2433"]
[BlackElo "2233"]
[PlyCount "94"]
[EventDate "1998.10.17"]
[EventType "team"]
[EventRounds "15"]
[EventCountry "GER"]
[SourceTitle "Bundesliga 9899"]
[Source "DeepChess"]
[SourceDate "2005.01.01"]
[SourceVersion "1"]
[SourceVersionDate "2005.01.01"]
[SourceQuality "1"]
[WhiteTeam "SG Bochum 31"]
[BlackTeam "Erfurter SK"]
[WhiteTeamCountry "GER"]
[BlackTeamCountry "GER"]

1. e4 e6 2. d4 d5 3. Nc3 Nf6 4. Bg5 Be7 5. e5 Nfd7 6. Bxe7 Qxe7 7. f4 O-O 8.
Nf3 c5 9. Qd2 Nc6 10. O-O-O Nb6 11. dxc5 Qxc5 12. Bd3 Bd7 13. Ne2 Nb4 14. Kb1
Bb5 15. Ned4 Bc4 16. Nb3 Qb5 17. Nc1 Rfc8 18. Nd4 Qc5 19. Ncb3 Qe7 20. Qf2 Nd7
21. a3 Bxb3 22. Nxb3 Nxd3 23. cxd3 Nc5 24. Nd4 Qc7 25. Nb5 Qb6 26. Nd6 Rc6 27.
d4 Na4 28. Ka2 Qc7 29. Rd2 b5 30. f5 Rb8 31. Rf1 b4 32. axb4 Rxb4 33. Ka1 Ra6
34. b3 Nc3+ 35. Kb2 Ra2+ 36. Kc1 Ra1+ 37. Kb2 Ra2+ 38. Kc1 Rxb3 39. Rc2 Rb1+
40. Kd2 Rxc2+ 41. Kxc2 Ne4+ 42. Kxb1 Nxf2 43. Rxf2 exf5 44. Rc2 Qb6+ 45. Rb2
Qd8 46. Rc2 Qb6+ 47. Rb2 Qd8 1/2-1/2

[Event "Bundesliga 9899"]
[Site "Deutschland"]
[Date "1999.04.18"]
[Round "15.7"]
[White "Langheinrich, Ferenc"]
[Black "Kitte, Sebastian"]
[Result "1-0"]
[WhiteElo "2279"]
[BlackElo "2330"]
[PlyCount "61"]
[EventDate "1998.10.17"]
[EventType "team"]
[EventRounds "15"]
[EventCountry "GER"]
[SourceTitle "Bundesliga 9899"]
[Source "DeepChess"]
[SourceDate "2005.01.01"]
[SourceVersion "1"]
[SourceVersionDate "2005.01.01"]
[SourceQuality "1"]
[WhiteTeam "Erfurter SK"]
[BlackTeam "SG Bochum 31"]
[WhiteTeamCountry "GER"]
[BlackTeamCountry "GER"]

1. e4 c5 2. Nf3 e6 3. d4 cxd4 4. Nxd4 a6 5. Bd3 Nf6 6. O-O Qc7 7. Qe2 d6 8. c4
Bd7 9. Nc3 Nc6 10. Nxc6 Bxc6 11. Nd5 Bxd5 12. exd5 e5 13. Bd2 Be7 14. f4 O-O
15. Rae1 Rfe8 16. fxe5 dxe5 17. Kh1 Nd7 18. Bxh7+ Kf8 19. Bf5 a5 20. b3 Ra6 21.
Qg4 Nc5 22. Qh3 Bf6 23. g4 e4 24. g5 Bd4 25. g6 e3 26. Bxe3 Rxe3 27. Qh8+ Ke7
28. Qh4+ Rf6 29. Qxd4 Rxe1 30. Rxe1+ Kf8 31. Qh4 1-0

[Event "Bundesliga 9899"]
[Site "Deutschland"]
[Date "1999.04.18"]
[Round "15.8"]
[White "Scholz, Christian"]
[Black "August, Christian"]
[Result "1-0"]
[WhiteElo "2275"]
[BlackElo "2155"]
[PlyCount "87"]
[EventDate "1998.10.17"]
[EventType "team"]
[EventRounds "15"]
[EventCountry "GER"]
[SourceTitle "Bundesliga 9899"]
[Source "DeepChess"]
[SourceDate "2005.01.01"]
[SourceVersion "1"]
[SourceVersionDate "2005.01.01"]
[SourceQuality "1"]
[WhiteTeam "SG Bochum 31"]
[BlackTeam "Erfurter SK"]
[WhiteTeamCountry "GER"]
[BlackTeamCountry "GER"]

1. e4 e5 2. Nf3 Nc6 3. Bb5 a6 4. Ba4 d6 5. O-O Bd7 6. c3 Nf6 7. Re1 Be7 8. d4
O-O 9. Nbd2 Re8 10. Nf1 Bf8 11. Ng3 b5 12. Bb3 Na5 13. Bc2 c5 14. Bg5 Nc4 15.
b3 Nb6 16. h3 h6 17. Bc1 Qc7 18. d5 c4 19. Re3 a5 20. Nd2 g6 21. bxc4 Nxc4 22.
Nxc4 Qxc4 23. Bb3 Qc7 24. a4 bxa4 25. Bxa4 Bxa4 26. Rxa4 Nd7 27. Nf1 Reb8 28.
Qc2 Nb6 29. Ra2 Nc4 30. Re1 Rb5 31. Ne3 Rc5 32. Nxc4 Rxc4 33. Bd2 a4 34. Rb1
Qd7 35. Rb4 Rxb4 36. cxb4 Ra6 37. Qc4 Qb7 38. Be3 f5 39. f3 f4 40. Bf2 Be7 41.
b5 Ra5 42. b6 Bd8 43. Qc6 Qb8 44. b7 1-0

[Event "Bundesliga 9899"]
[Site "Deutschland"]
[Date "1999.04.18"]
[Round "15.1"]
[White "Ftacnik, Lubomir"]
[Black "Movsesian, Sergei"]
[Result "1/2-1/2"]
[WhiteElo "2585"]
[BlackElo "2650"]
[PlyCount "31"]
[EventDate "1998.10.17"]
[EventType "team"]
[EventRounds "15"]
[EventCountry "GER"]
[SourceTitle "Bundesliga 9899"]
[Source "DeepChess"]
[SourceDate "2005.01.01"]
[SourceVersion "1"]
[SourceVersionDate "2005.01.01"]
[SourceQuality "1"]
[WhiteTeam "Hamburger SK 1830 e.V."]
[BlackTeam "SF Neukoelln 03 e.V."]
[WhiteTeamCountry "GER"]
[BlackTeamCountry "GER"]

1. d4 Nf6 2. Nf3 g6 3. c4 Bg7 4. Nc3 O-O 5. e4 d6 6. Be2 e5 7. O-O Na6 8. Re1
Qe8 9. Bf1 Bg4 10. d5 Nb4 11. Be2 a5 12. Be3 b6 13. b3 Na6 14. h3 Bd7 15. Nd2
Kh8 16. a3 1/2-1/2

[Event "Bundesliga 9899"]
[Site "Deutschland"]
[Date "1999.04.18"]
[Round "15.2"]
[White "Stohl, Igor"]
[Black "Wahls, Matthias"]
[Result "1/2-1/2"]
[WhiteElo "2561"]
[BlackElo "2609"]
[PlyCount "23"]
[EventDate "1998.10.17"]
[EventType "team"]
[EventRounds "15"]
[EventCountry "GER"]
[SourceTitle "Bundesliga 9899"]
[Source "DeepChess"]
[SourceDate "2005.01.01"]
[SourceVersion "1"]
[SourceVersionDate "2005.01.01"]
[SourceQuality "1"]
[WhiteTeam "SF Neukoelln 03 e.V."]
[BlackTeam "Hamburger SK 1830 e.V."]
[WhiteTeamCountry "GER"]
[BlackTeamCountry "GER"]

1. d4 Nf6 2. c4 e6 3. Nf3 b6 4. g3 Ba6 5. b3 Bb4+ 6. Bd2 Be7 7. Bg2 c6 8. Bc3
d5 9. Nbd2 O-O 10. O-O Bb7 11. Ne5 Na6 12. e4 1/2-1/2

[Event "Bundesliga 9899"]
[Site "Deutschland"]
[Date "1999.04.18"]
[Round "15.3"]
[White "Kempinski, Robert"]
[Black "Bunzmann, Dimitrij"]
[Result "1/2-1/2"]
[WhiteElo "2533"]
[BlackElo "2555"]
[PlyCount "20"]
[EventDate "1998.10.17"]
[EventType "team"]
[EventRounds "15"]
[EventCountry "GER"]
[SourceTitle "Bundesliga 9899"]
[Source "DeepChess"]
[SourceDate "2005.01.01"]
[SourceVersion "1"]
[SourceVersionDate "2005.01.01"]
[SourceQuality "1"]
[WhiteTeam "Hamburger SK 1830 e.V."]
[BlackTeam "SF Neukoelln 03 e.V."]
[WhiteTeamCountry "GER"]
[BlackTeamCountry "GER"]

1. d4 e6 2. c4 Nf6 3. Nf3 b6 4. g3 Bb4+ 5. Bd2 Be7 6. Bg2 c6 7. O-O O-O 8. b3
d5 9. Bc3 Nbd7 10. Nbd2 Bb7 1/2-1/2

[Event "Bundesliga 9899"]
[Site "Deutschland"]
[Date "1999.04.18"]
[Round "15.4"]
[White "Berndt, Stephan"]
[Black "Mueller, Karsten"]
[Result "1/2-1/2"]
[WhiteElo "2501"]
[BlackElo "2558"]
[PlyCount "82"]
[EventDate "1998.10.17"]
[EventType "team"]
[EventRounds "15"]
[EventCountry "GER"]
[SourceTitle "Bundesliga 9899"]
[Source "DeepChess"]
[SourceDate "2005.01.01"]
[SourceVersion "1"]
[SourceVersionDate "2005.01.01"]
[SourceQuality "1"]
[WhiteTeam "SF Neukoelln 03 e.V."]
[BlackTeam "Hamburger SK 1830 e.V."]
[WhiteTeamCountry "GER"]
[BlackTeamCountry "GER"]

1. e4 d5 2. exd5 Qxd5 3. Nc3 Qa5 4. d4 c6 5. Nf3 Nf6 6. Bc4 Bf5 7. Bd2 e6 8.
Ne4 Qc7 9. Nxf6+ gxf6 10. Qe2 Nd7 11. O-O-O O-O-O 12. Nh4 Bg6 13. g3 Nb6 14.
Ba5 Bh6+ 15. Kb1 Rd7 16. Bb3 Rhd8 17. Nxg6 hxg6 18. c4 c5 19. d5 Qd6 20. Rhe1
e5 21. h4 Re7 22. Bc2 f5 23. f3 Rde8 24. Bc3 e4 25. f4 Rg8 26. Rc1 Bg7 27. Bd1
Bxc3 28. Rxc3 Qf6 29. Bc2 Kb8 30. Rd1 Nc8 31. Qe3 Rc7 32. a3 Nd6 33. Ka2 Ka8
34. Qe2 Rb8 35. a4 Rh8 36. Rf1 Qd8 37. Bb3 Rd7 38. Bc2 Qa5 39. Kb1 Qb4 40. Rc1
Re7 41. Bd1 Rhe8 1/2-1/2